ბათუმის შოთა რუსთაველის სახელმწიფო უნივერსიტეტის ბიბლიოთეკა

პროგრამირება ბეისიკზე და რიცხვითი ანალიზის ელემენტები : (ბიბ.ჩანაწერი № 39580)

000 -ლიდერი
ფიქსირებული სიგრძის საკონტროლო ველი 01091nam a2200229Ia 4500
001 - საკონტროლო ნომერი
საკონტროლო ველი 6179
003 - საკონტროლო ნომრის იდენტიფიკატორი
საკონტროლო ველი GE_BSU
005 - ბოლო ოპერაციის თარიღი და დრო
საკონტროლო ველი 20190604150203.0
008 - ფიქსირებული სიგრძის მონაცემთა ელემენტები - ზოგადი ინფორმაცია
ფიქსირებული სიგრძის საკონტროლო ველი 181216s1987||||ge |||||||||||||| ||geo||
040 ## - კატალოგიზაციის წყარო
Transcribing agency GE_BSU
041 ## - ენის კოდი
Language code of text/sound track or separate title geo
080 ## - უნივერსალური ათობითი კლასიფიკაციის ინდექსი
Universal Decimal Classification number 004.42(075.8) გ-58
100 ## - მთავარი ჩანაწერი - პიროვნების სახელი
Personal name გოთოშია, მ.
9 (RLIN) 1820
245 ## - ცნობა სათაურის შესახებ
Title პროგრამირება ბეისიკზე და რიცხვითი ანალიზის ელემენტები :
Remainder of title დამხ.სახელმძღ. /
Statement of responsibility, etc მ. გოთოშია ; რედ. მ. ძიძიგური
264 ## - წარმოების, გამოცემის, დისტრიბუციის და სხვა ცნობები
გამოცემის, წარმოების, დისტრიბუციის... ადგილი თბილისი :
გამოცემის, წარმოების, დისტრიბუციის... სახელწოდება სპი,
გამოცემის, წარმოების, დისტრიბუციის... თარიღი 1987.
300 ## - ფიზიკური აღწერა
Extent 80 გვ. ;
Dimensions 20 სმ.
504 ## - BIBLIOGRAPHY, ETC. NOTE
Bibliography, etc ბიბლიოგრ. : გვ.78.
653 ## - INDEX TERM--UNCONTROLLED
Uncontrolled term პროგრამირება ბეისიკზე და რიცხვითი ანალიზის ელემენტები
653 ## - INDEX TERM--UNCONTROLLED
Uncontrolled term პროგრამირება ბეისიკზე
700 ## - ADDED ENTRY--PERSONAL NAME
Personal name ძიძიგური, მ.
Relator term რედაქტორი
9 (RLIN) 472
942 ## - ADDED ENTRY ELEMENTS (KOHA)
Koha item type წიგნი
Source of classification or shelving scheme
ეგზემპლარები
ჩამოწერის სტატუსი დაკარგული ეგზემპლარის სტატუსი კლასიფიკაციის წყარო ან თაროზე გაწყობის სქემა დაზიანების სტატუსი არ გაიცემა მუდმივი მდებარეობა (დაცვის ადგილი) ამჟამინდელი ადგილსამყოფელი თაროზე განთავსების ადგილი შეძენის თარიღი ღირებულება, შესყიდვის ნორმალური ფასი სრული შენახვის შიფრი შტრიხკოდი ბოლო ოპერაციის თარიღი ეგზემპლარის მიმდევრობითი ნომერი (კეტერი?) ფასის ძალაში შესვლის თარიღი ეგზემპლარის სახეობა საჯარო შენიშვნა
          ტექნოლოგიური ფაკულტეტის ბიბლიოთეკა ტექნოლოგიური ფაკულტეტის ბიბლიოთეკა წიგნსაცავი 2018-12-17 0.28 004.42(075.8) გ-58 12092 2018-12-17 12092 2018-12-17 წიგნი 0.28 ლ.
          ტექნოლოგიური ფაკულტეტის ბიბლიოთეკა ტექნოლოგიური ფაკულტეტის ბიბლიოთეკა წიგნსაცავი 2018-12-17 0.28 004.42(075.8) გ-58 12093 2018-12-17 12093 2018-12-17 წიგნი 0.28 ლ.
          ტექნოლოგიური ფაკულტეტის ბიბლიოთეკა ტექნოლოგიური ფაკულტეტის ბიბლიოთეკა წიგნსაცავი 2018-12-17 0.28 004.42(075.8) გ-58 12094 2018-12-17 12094 2018-12-17 წიგნი 0.28 ლ.